DC Villians what is my real name Quiz Stats

 Plays Quiz not verified by Sporcle

Score 0/21 Timer 20:00
0 Plays Today
What is my Name? aka % Correct
Harvey DentTwo-Face
89.4%
Dr. Harleen QuinzelHarley Quinn
84.9%
Edward NigmaThe Riddler
80.7%
Alexander Joseph LuthorLex Luthor
75.5%
Victor FriesMr. Freeze
74.3%
Pamela Lillian IsleyPoison Ivy
69.2%
Waylon JonesKiller Croc
52.3%
Hunter ZolomonZoom
47.7%
Arthur Light Dr. Light
42.3%
Uxas (you will never get this one)Darkseid
28.4%
Slade WilsonDeathstroke The Terminator
28.1%
What is my Name? aka % Correct
Virl DoxBrainiac
27.2%
Winslow P SchottToyman
24.2%
Vandal Savage (female)Scandal
23%
Eobard ThawneProfessor Zoom The Reverse Flash
15.7%
Sandra Woosan Lady Shiva
15.1%
ZazzalaQueen Bee
14.5%
Lord NagaKobra
14.5%
Noah KuttlerThe Calculator
13.9%
Nathaniel AdamMonarch
9.7%
Clifford ZmeckMajor Force
8.5%

You're not logged in!

Compare scores with friends on all Sporcle quizzes.
OR
Log In

Show Comments

Extras

Created Jun 3, 2010ReportNominate
Tags:DC Comics Quiz, villains

Top Quizzes Today


Score Distribution

Your Account Isn't Verified!

In order to create a playlist on Sporcle, you need to verify the email address you used during registration. Go to your Sporcle Settings to finish the process.

Report this User

Report this user for behavior that violates our Community Guidelines.

Details: